[Event "DSM WK M 2010"]
[Site "Karlsruhe GER"]
[Date "2010.05.07"]
[Round "2"]
[White "Stitterich, Nadine"]
[Black "Evers, Annika"]
[Result "1-0"]
[Termination "normal"]
[Board "1.1"]
[WhiteElo "1974"]
[BlackElo "1695"]
[WhiteTeam "Solitude-Gymnasium Stuttgart"]
[BlackTeam "Athenaeum Stade"]
[PlyCount "81"]
[WhiteFideId "24676527"]
[BlackFideId "24691933"]
[EventCountry "GER"]
[EventRounds "7"]
[EventType "team-swiss"]
[EventDate "2010.05.06"]

1. e4 c5 2. Nf3 e6 3. d4 cxd4 4. Nxd4 Nf6 5. Nc3 Nc6 6. Ndb5 d6 7. Be2 a6 8.
Nd4 d5 9. exd5 exd5 10. O-O Be7 11. Re1 O-O 12. Bf3 Bb4 13. Bg5 Qd6 14. g3 Nxd4
15. Qxd4 Bc5 16. Qd3 d4 17. Ne4 Nxe4 18. Bxe4 f5 19. Bg2 Qb6 20. a3 Bd7 21. b4
Bd6 22. Rad1 Rfe8 23. Rxe8+ Rxe8 24. Bd5+ Kh8 25. Qxd4 Qxd4 26. Rxd4 Be5 27.
Rd3 Bb5 28. c4 Bc6 29. Bxc6 bxc6 30. Re3 Kg8 31. Bf4 Bxf4 32. Rxe8+ Kf7 33. Ra8
Bc1 34. Rxa6 Ke7 35. Rxc6 Bxa3 36. b5 Kd7 37. Kf1 g5 38. Rh6 Kc7 39. Ke2 g4 40.
Rxh7+ Kb6 41. Rh5 1-0

[Event "DSM WK M 2010"]
[Site "Karlsruhe GER"]
[Date "2010.05.07"]
[Round "2"]
[White "Steffens, Skrolan"]
[Black "Mijatovic, Andrea"]
[Result "0-1"]
[Termination "normal"]
[Board "1.2"]
[WhiteElo "1162"]
[BlackElo "1864"]
[WhiteTeam "Athenaeum Stade"]
[BlackTeam "Solitude-Gymnasium Stuttgart"]
[PlyCount "60"]
[BlackFideId "14514524"]
[EventCountry "GER"]
[EventRounds "7"]
[EventType "team-swiss"]
[EventDate "2010.05.06"]

1. e4 c5 2. Nc3 d6 3. g3 e6 4. Bg2 Nc6 5. d3 g6 6. Nge2 Bg7 7. Be3 Nge7 8. Qd2
O-O 9. Bh6 f5 10. O-O Nd4 11. Rac1 Rf7 12. Nxd4 cxd4 13. Ne2 Qb6 14. b3 Bd7 15.
f3 Rc8 16. g4 Nc6 17. g5 Nb4 18. a3 Na2 19. Rce1 Nc3 20. h4 Be8 21. Nf4 e5 22.
Nh3 Rfc7 23. exf5 gxf5 24. f4 e4 25. dxe4 Nxe4 26. Bxe4 fxe4 27. Rxe4 Rxc2 28.
Qe1 d3+ 29. Kh1 Bc6 30. f5 Re2 0-1

[Event "DSM WK M 2010"]
[Site "Karlsruhe GER"]
[Date "2010.05.07"]
[Round "2"]
[White "Nesterkin, Maria"]
[Black "Zacke, Tamara"]
[Result "0-1"]
[Termination "normal"]
[Board "1.4"]
[WhiteElo "860"]
[BlackElo "857"]
[WhiteTeam "Athenaeum Stade"]
[BlackTeam "Solitude-Gymnasium Stuttgart"]
[PlyCount "67"]
[EventCountry "GER"]
[EventRounds "7"]
[EventType "team-swiss"]
[EventDate "2010.05.06"]

1. d4 d5 2. Nf3 Nf6 3. e3 Nc6 4. Bd3 e6 5. Nc3 Bd6 6. O-O O-O 7. b3 Re8 8. Re1
e5 9. Bb5 e4 10. Nd2 Bf5 11. Bb2 a6 12. Bxc6 bxc6 13. f3 exf3 14. Nxf3 Ne4 15.
Nxe4 Rxe4 16. Qd2 Qf6 17. Qc3 Bd7 18. Rf1 Qh6 19. h3 Rxe3 20. Qd2 Bf4 21. Qf2
f6 22. Nh4 Qg5 23. Bc1 Rxh3 24. Bxf4 Qg4 25. Bxc7 Rxh4 26. Qf4 Qxf4 27. Bxf4 g5
28. Bd6 Kf7 29. Rae1 Re8 30. c3 Rxe1 31. Rxe1 Be6 32. Bg3 Rg4 33. Bd6 h5 34.
Kf2 0-1

[Event "DSM WK M 2010"]
[Site "Karlsruhe GER"]
[Date "2010.05.07"]
[Round "2"]
[White "Krtschil, Anna"]
[Black "Klinger, Jacquelin"]
[Result "0-1"]
[Termination "normal"]
[Board "2.1"]
[WhiteElo "1313"]
[BlackElo "1544"]
[WhiteTeam "Salza Gymnasium Bad Langensalza"]
[BlackTeam "Märkische Schule Wattenscheid"]
[PlyCount "62"]
[WhiteFideId "4611144"]
[EventCountry "GER"]
[EventRounds "7"]
[EventType "team-swiss"]
[EventDate "2010.05.06"]

1. e4 c5 2. Nf3 Nc6 3. d4 e6 4. Be3 cxd4 5. Nxd4 d5 6. exd5 Qxd5 7. Nc3 Bb4 8.
Qd3 Bxc3+ 9. Qxc3 Ne5 10. f3 a6 11. Bd3 Ne7 12. Be4 Qc4 13. Qxc4 Nxc4 14. Bf4
O-O 15. b3 Nb6 16. Kf2 Nbd5 17. Bd2 Nf6 18. Bd3 Rd8 19. Ne2 h6 20. g4 Bd7 21.
h4 Bb5 22. Bxb5 axb5 23. Be3 Rdc8 24. Rhc1 Nfd5 25. a3 b4 26. a4 Nxe3 27. Kxe3
Nd5+ 28. Kd4 Rc7 29. c4 bxc3 30. Nxc3 Nxc3 31. Rxc3 Rd8+ 0-1

[Event "DSM WK M 2010"]
[Site "Karlsruhe GER"]
[Date "2010.05.07"]
[Round "2"]
[White "Rohm, Marlena"]
[Black "Schirrmeister, Laura"]
[Result "1-0"]
[Termination "normal"]
[Board "2.2"]
[WhiteElo "1506"]
[BlackElo "1120"]
[WhiteTeam "Märkische Schule Wattenscheid"]
[BlackTeam "Salza Gymnasium Bad Langensalza"]
[PlyCount "63"]
[WhiteFideId "12931632"]
[BlackFideId "24694967"]
[EventCountry "GER"]
[EventRounds "7"]
[EventType "team-swiss"]
[EventDate "2010.05.06"]

1. d4 d6 2. c4 g6 3. Nf3 Nf6 4. b3 Bg7 5. Nbd2 O-O 6. e4 Nbd7 7. Bb2 e5 8. dxe5
dxe5 9. Nxe5 Nxe5 10. Bxe5 Re8 11. f4 a6 12. Qc2 b5 13. cxb5 axb5 14. Bxb5 Re7
15. Rc1 Ra7 16. O-O Ng4 17. Bxg7 Kxg7 18. a4 Qd4+ 19. Kh1 Nf2+ 20. Rxf2 Qxf2
21. Qc3+ Kg8 22. Rf1 Qh4 23. a5 Bb7 24. Bd3 g5 25. Qc5 gxf4 26. Qxa7 Bc6 27.
Qf2 Qg4 28. Qxf4 Qg6 29. a6 f5 30. Qxf5 Qg7 31. a7 Rf7 32. Bc4 1-0

[Event "DSM WK M 2010"]
[Site "Karlsruhe GER"]
[Date "2010.05.07"]
[Round "2"]
[White "Halle, Julia"]
[Black "Müller, Laura Margarita"]
[Result "0-1"]
[Termination "time forfeit"]
[Board "2.3"]
[WhiteElo "1018"]
[BlackElo "1544"]
[WhiteTeam "Salza Gymnasium Bad Langensalza"]
[BlackTeam "Märkische Schule Wattenscheid"]
[PlyCount "82"]
[WhiteFideId "24694940"]
[BlackFideId "12917923"]
[EventCountry "GER"]
[EventRounds "7"]
[EventType "team-swiss"]
[EventDate "2010.05.06"]

1. c4 c6 2. Nc3 d5 3. d3 dxc4 4. dxc4 Qxd1+ 5. Nxd1 Bf5 6. Nf3 Nf6 7. g3 e6 8.
Bg2 Bd6 9. Ne3 Be4 10. O-O O-O 11. Bd2 Nbd7 12. Rad1 Bc7 13. Bc3 Bxf3 14. Bxf3
Be5 15. Rc1 Bxc3 16. Rxc3 Ne5 17. Bg2 Rad8 18. Re1 Rd2 19. Rb3 Rb8 20. a4 Ned7
21. a5 Nc5 22. Rb4 Rbd8 23. f3 h6 24. Kf2 R8d4 25. Bh3 Nfd7 26. Bg2 Ne5 27. Kf1
Rd7 28. h3 Na6 29. Rb3 c5 30. Rb5 R2d4 31. f4 Nxc4 32. Rb3 Nd2+ 33. Kf2 Nxb3
34. Kf3 Rd2 35. Bf1 Nb4 36. h4 Rxb2 37. f5 exf5 38. Nxf5 Nd4+ 39. Ke4 Nxf5 40.
Kxf5 Rd5+ 41. Ke4 Rd4+ 0-1

[Event "DSM WK M 2010"]
[Site "Karlsruhe GER"]
[Date "2010.05.07"]
[Round "2"]
[White "Berger, Melanie"]
[Black "Winterberg, Johanna"]
[Result "1-0"]
[Termination "normal"]
[Board "2.4"]
[WhiteElo "1425"]
[BlackElo "1004"]
[WhiteTeam "Märkische Schule Wattenscheid"]
[BlackTeam "Salza Gymnasium Bad Langensalza"]
[PlyCount "81"]
[BlackFideId "12929344"]
[EventCountry "GER"]
[EventRounds "7"]
[EventType "team-swiss"]
[EventDate "2010.05.06"]

1. e4 c5 2. Nf3 Nc6 3. d4 cxd4 4. Nxd4 d6 5. Nc3 Nf6 6. Be3 g6 7. Bb5 Bd7 8.
O-O Bg7 9. Qd2 O-O 10. Rad1 Ng4 11. Nxc6 bxc6 12. Bc4 Nxe3 13. Qxe3 Qb6 14.
Qxb6 axb6 15. Rb1 b5 16. Bd3 b4 17. Ne2 Rxa2 18. c3 bxc3 19. bxc3 f5 20. Bc4+
Kh8 21. Bxa2 fxe4 22. Rb7 Bg4 23. Re1 Bxe2 24. Rxe2 Bxc3 25. Rxe7 Bf6 26. R7xe4
d5 27. Re6 Kg7 28. Rxc6 d4 29. Rc7+ Kh6 30. Rd7 Rc8 31. g3 Rc1+ 32. Kg2 Rc5 33.
f4 Rb5 34. Bg8 g5 35. fxg5+ Kxg5 36. h4+ Kg6 37. Bxh7+ Kh5 38. Rf2 Bh8 39. Rf5+
Rxf5 40. Bxf5 Kh6 41. Rh7# 1-0

[Event "DSM WK M 2010"]
[Site "Karlsruhe GER"]
[Date "2010.05.07"]
[Round "2"]
[White "Raab, Helen"]
[Black "Bohrmann, Sandra"]
[Result "1-0"]
[Termination "normal"]
[Board "3.1"]
[WhiteElo "1697"]
[BlackElo "1563"]
[WhiteTeam "Gymnasium Mainz-Gonsenheim"]
[BlackTeam "Max-Planck-Gymnasium Ludwigshafen"]
[PlyCount "51"]
[WhiteFideId "24653608"]
[BlackFideId "12905437"]
[EventCountry "GER"]
[EventRounds "7"]
[EventType "team-swiss"]
[EventDate "2010.05.06"]

1. e4 e5 2. Nf3 Nc6 3. Bb5 Bc5 4. O-O d6 5. h3 Nf6 6. Re1 O-O 7. c3 h6 8. d4
exd4 9. cxd4 Bb6 10. Nc3 Bd7 11. Bf4 Nb4 12. Bc4 Re8 13. Qb3 a5 14. a3 Nc6 15.
Bxf7+ Kh8 16. Bxe8 Qxe8 17. e5 dxe5 18. Bxe5 Qg6 19. Kh2 Rf8 20. Na4 Nxe5 21.
Nxe5 Qf5 22. Nxb6 cxb6 23. Qxb6 Qf4+ 24. Kg1 Ne4 25. Ng6+ Kh7 26. Nxf4 1-0

[Event "DSM WK M 2010"]
[Site "Karlsruhe GER"]
[Date "2010.05.07"]
[Round "2"]
[White "Serif, Amelie"]
[Black "Efinger, Leila"]
[Result "1-0"]
[Termination "normal"]
[Board "3.2"]
[WhiteElo "1371"]
[BlackElo "1113"]
[WhiteTeam "Max-Planck-Gymnasium Ludwigshafen"]
[BlackTeam "Gymnasium Mainz-Gonsenheim"]
[PlyCount "57"]
[BlackFideId "12931705"]
[EventCountry "GER"]
[EventRounds "7"]
[EventType "team-swiss"]
[EventDate "2010.05.06"]

1. Nc3 c6 2. e4 d5 3. d4 dxe4 4. Nxe4 Bf5 5. Ng3 Bg6 6. Bc4 e6 7. Nf3 Nf6 8.
Ne5 Be7 9. Nxg6 hxg6 10. Be3 Nbd7 11. Qf3 Qb6 12. Bb3 Rd8 13. d5 Qa5+ 14. Bd2
Qc5 15. dxe6 fxe6 16. O-O-O Nd5 17. Qe4 Nf8 18. f3 Kd7 19. Bxd5 cxd5 20. Qa4+
Kc8 21. Bf4 Bd6 22. Bxd6 Rxd6 23. Rd3 Nd7 24. Rc3 Ra6 25. Rxc5+ Nxc5 26. Qd4
Ra5 27. b4 Rxa2 28. Qxc5+ Kb8 29. Qd6+ 1-0

[Event "DSM WK M 2010"]
[Site "Karlsruhe GER"]
[Date "2010.05.07"]
[Round "2"]
[White "Woider, Stella"]
[Black "Serebrianski, Anita"]
[Result "0-1"]
[Termination "normal"]
[Board "3.3"]
[WhiteElo "757"]
[BlackElo "1147"]
[WhiteTeam "Gymnasium Mainz-Gonsenheim"]
[BlackTeam "Max-Planck-Gymnasium Ludwigshafen"]
[PlyCount "88"]
[EventCountry "GER"]
[EventRounds "7"]
[EventType "team-swiss"]
[EventDate "2010.05.06"]

1. e4 e5 2. Nf3 Nc6 3. Bc4 Bc5 4. Nc3 Nf6 5. d3 Nd4 6. Nxd4 Bxd4 7. O-O c6 8.
Be3 Bxc3 9. bxc3 d5 10. exd5 cxd5 11. Bb3 O-O 12. h3 Qc7 13. c4 d4 14. Bg5 Qc6
15. Qe2 e4 16. Rac1 a5 17. Bxf6 Qxf6 18. Qxe4 a4 19. Bxa4 Rxa4 20. Ra1 Qa6 21.
Qxd4 Rxa2 22. Rae1 Rxc2 23. Re4 Qg6 24. g3 Bxh3 25. Rfe1 Be6 26. Kg2 h6 27. Rh4
Re8 28. Rg4 Qxg4 29. Qxg4 Bxg4 30. Rxe8+ Kh7 31. Re7 Be2 32. d4 Bxc4 33. Rd7 b5
34. d5 b4 35. d6 Bd5+ 36. Kf1 Bc4+ 37. Kg2 b3 38. Rb7 Bd5+ 39. Kf1 Bxb7 40. d7
Rd2 41. Ke1 Rxd7 42. Ke2 b2 43. Ke3 b1=Q 44. Kf4 Qe4# 0-1

[Event "DSM WK M 2010"]
[Site "Karlsruhe GER"]
[Date "2010.05.07"]
[Round "2"]
[White "Keil, Mareike"]
[Black "Beck, Clara"]
[Result "1-0"]
[Termination "normal"]
[Board "3.4"]
[WhiteElo "1032"]
[BlackElo "812"]
[WhiteTeam "Max-Planck-Gymnasium Ludwigshafen"]
[BlackTeam "Gymnasium Mainz-Gonsenheim"]
[PlyCount "97"]
[EventCountry "GER"]
[EventRounds "7"]
[EventType "team-swiss"]
[EventDate "2010.05.06"]

1. e4 e5 2. Nf3 Nc6 3. Bc4 Nf6 4. Ng5 d5 5. exd5 Nxd5 6. d3 Be6 7. Nxe6 fxe6 8.
O-O Qf6 9. Bxd5 exd5 10. Nc3 O-O-O 11. Qg4+ Rd7 12. Nxd5 Qg6 13. Qxg6 hxg6 14.
Nc3 Bc5 15. Be3 Bd4 16. Rae1 Re8 17. Bxd4 Nxd4 18. f4 Nxc2 19. Re2 Nb4 20. Rxe5
Red8 21. Rg5 Rf7 22. Rxg6 Nxd3 23. f5 Rdf8 24. b3 Kd7 25. Ne4 Ne5 26. Ng5 Rxf5
27. Rxg7+ Kc6 28. Rxf5 Rxf5 29. Ne4 Kd5 30. Nc3+ Kd4 31. Ne2+ Kd3 32. Ng3 b5
33. Nxf5 Kc3 34. h4 Kb2 35. h5 Kxa2 36. h6 a5 37. h7 a4 38. h8=Q axb3 39. Qa8+
Kb2 40. Rxc7 Kb1 41. Qe4+ Ka2 42. Ra7+ Kb2 43. Qxe5+ Kb1 44. Ra1+ Kc2 45. Ne3+
Kd3 46. Rd1+ Ke2 47. Qxb5+ Kxe3 48. Qxb3+ Ke2 49. Qd3# 1-0

[Event "DSM WK M 2010"]
[Site "Karlsruhe GER"]
[Date "2010.05.07"]
[Round "2"]
[White "Bajorski, Maria Sophie"]
[Black "Riedelsheimer, Julia"]
[Result "1/2-1/2"]
[Termination "normal"]
[Board "4.1"]
[WhiteElo "1347"]
[BlackElo "1152"]
[WhiteTeam "Marienschule Limburg"]
[BlackTeam "Gymnasium Donauwörth"]
[PlyCount "59"]
[WhiteFideId "24654531"]
[EventCountry "GER"]
[EventRounds "7"]
[EventType "team-swiss"]
[EventDate "2010.05.06"]

1. e4 c6 2. d4 d5 3. Nc3 dxe4 4. Nxe4 Bf5 5. Ng3 Bg6 6. Nf3 h6 7. Bc4 e6 8. O-O
Bd6 9. Re1 Ne7 10. Qe2 O-O 11. Be3 Nd7 12. Rad1 Qc7 13. Bc1 Nb6 14. Bb3 Nf5 15.
c4 Bxg3 16. hxg3 Bh5 17. Qe4 Bxf3 18. Qxf3 Rad8 19. Be3 Nd7 20. Bc2 Nxe3 21.
Qxe3 Nf6 22. Kf1 Rd7 23. Ke2 Rfd8 24. Rh1 Kf8 25. Rd3 Qb6 26. Rhd1 Qxb2 27.
R3d2 Qb6 28. Bb3 Qc7 29. Kf1 b6 30. Kg1 1/2-1/2

[Event "DSM WK M 2010"]
[Site "Karlsruhe GER"]
[Date "2010.05.07"]
[Round "2"]
[White "Liez, Tatjana"]
[Black "Aurnhammer, Bianca"]
[Result "1-0"]
[Termination "normal"]
[Board "4.3"]
[WhiteElo "1190"]
[BlackElo "1038"]
[WhiteTeam "Marienschule Limburg"]
[BlackTeam "Gymnasium Donauwörth"]
[PlyCount "135"]
[WhiteFideId "1271769"]
[EventCountry "GER"]
[EventRounds "7"]
[EventType "team-swiss"]
[EventDate "2010.05.06"]

1. e4 d5 2. exd5 Qxd5 3. Nc3 Qa5 4. Nf3 Bf5 5. d3 c6 6. Bf4 e6 7. a3 Nd7 8. Be2
h6 9. Nd4 Ne7 10. Nb3 Qd8 11. h3 g5 12. Bh2 e5 13. g4 Be6 14. Nd2 Ng6 15. Bg3
Qf6 16. Nde4 Qg7 17. Qd2 O-O-O 18. O-O-O Nc5 19. f3 f5 20. gxf5 Bxf5 21. Qe3
Qe7 22. Bf2 b6 23. Qd2 Nf4 24. h4 Nxe2+ 25. Qxe2 Nxe4 26. fxe4 Bh7 27. Na2 c5
28. Nc3 Qf7 29. Rdf1 Qg6 30. Bg3 gxh4 31. Bxe5 Qg5+ 32. Bf4 Qg7 33. Qh2 Be7 34.
Rhg1 Qd4 35. Qh3+ Qd7 36. Qxd7+ Rxd7 37. Nd5 Bg8 38. Nxe7+ Rxe7 39. Rh1 Be6 40.
Rxh4 Kd7 41. Rxh6 Rf8 42. Rhh1 Ref7 43. Rh4 Kc6 44. Rh6 Kd7 45. Rh4 Kc6 46. c4
a5 47. a4 Rf6 48. Kd2 R6f7 49. Ke3 Rf6 50. b3 R6f7 51. Rh6 Kd7 52. Rf2 Ke7 53.
Rhh2 Rg7 54. Bc7 Rxf2 55. Rxf2 Rh7 56. Bxb6 Rh3+ 57. Kd2 Kd6 58. Bxa5 Rh8 59.
Bc3 Rb8 60. Kc2 Kc6 61. Rf6 Kd6 62. e5+ Ke7 63. Kb2 Rb6 64. a5 Rb8 65. Ka3 Ra8
66. Ka4 Ra6 67. Kb5 Ra8 68. b4 1-0

[Event "DSM WK M 2010"]
[Site "Karlsruhe GER"]
[Date "2010.05.07"]
[Round "2"]
[White "Holler, Sophia"]
[Black "Heinz, Michelle"]
[Result "0-1"]
[Termination "normal"]
[Board "4.4"]
[WhiteElo "800"]
[BlackElo "1006"]
[WhiteTeam "Gymnasium Donauwörth"]
[BlackTeam "Marienschule Limburg"]
[PlyCount "84"]
[BlackFideId "1271782"]
[EventCountry "GER"]
[EventRounds "7"]
[EventType "team-swiss"]
[EventDate "2010.05.06"]

1. e4 e5 2. Nf3 Nc6 3. Bc4 Bc5 4. Nc3 Nf6 5. d3 d6 6. h3 O-O 7. Bg5 Be6 8. Nd5
Bxd5 9. Bxd5 h6 10. Bh4 Qe7 11. O-O Rab8 12. a3 a6 13. b4 Ba7 14. c4 Nd8 15. b5
c6 16. bxc6 bxc6 17. Bxc6 Nxc6 18. Qa4 Nd8 19. Qxa6 Rb6 20. Qa5 Nc6 21. Qd2 Qe6
22. Bg3 Nh5 23. Nh4 Ra6 24. Nf5 Nd4 25. Bh2 Nb3 26. Qe2 Nf4 27. Bxf4 exf4 28.
Rab1 Nc5 29. Qg4 Qf6 30. Rbd1 Rxa3 31. d4 Nxe4 32. Qxf4 Nc3 33. Rd2 Re8 34. Rb2
Re2 35. Rb7 Kh8 36. Rd7 Re6 37. Qf3 Ne2+ 38. Qxe2 Rxe2 39. Ne3 Bxd4 40. Rb7 Qg5
41. Rxf7 Bxe3 42. fxe3 Qxg2# 0-1

[Event "DSM WK M 2010"]
[Site "Karlsruhe GER"]
[Date "2010.05.07"]
[Round "2"]
[White "Wisheckel, Lena"]
[Black "Wichert, Melanie"]
[Result "1-0"]
[Termination "normal"]
[Board "5.1"]
[WhiteElo "1775"]
[BlackElo "800"]
[WhiteTeam "Johann-Schöner-Gymnasium Karlstadt"]
[BlackTeam "Gymnasium am Thie Blankenburg"]
[PlyCount "97"]
[WhiteFideId "24691992"]
[EventCountry "GER"]
[EventRounds "7"]
[EventType "team-swiss"]
[EventDate "2010.05.06"]

1. e4 e5 2. Nf3 d6 3. d4 Nc6 4. Bc4 Nf6 5. O-O h6 6. d5 Ne7 7. Nc3 Bd7 8. Re1
c6 9. a3 g5 10. Be3 a6 11. Qd2 c5 12. b4 b5 13. Bf1 c4 14. a4 Ng4 15. axb5 axb5
16. h3 Nxe3 17. Qxe3 Nc8 18. Rxa8 Be7 19. Ra5 Qb6 20. Qxb6 Nxb6 21. Nxb5 Bxb5
22. Rxb5 Bd8 23. Ra1 Rg8 24. Ra6 Bc7 25. Raxb6 Bxb6 26. Rxb6 Rg6 27. Bxc4 g4
28. hxg4 Rxg4 29. Bd3 h5 30. Rxd6 Ke7 31. Rh6 Rg8 32. c4 f6 33. c5 Rd8 34. Rh7+
Ke8 35. Rh8+ Ke7 36. d6+ Kd7 37. Bb5+ Kc8 38. Ba6+ Kd7 39. Rh7+ Ke8 40. Bb5+
Kf8 41. Rh8+ Kf7 42. Rxd8 Kg7 43. Nh4 Kh6 44. Rg8 Kh7 45. Bc4 Kh6 46. d7 Kh7
47. d8=Q Kh6 48. Qe7 f5 49. Nxf5# 1-0

[Event "DSM WK M 2010"]
[Site "Karlsruhe GER"]
[Date "2010.05.07"]
[Round "2"]
[White "Böhnki, Linda"]
[Black "Mehling, Franziska"]
[Result "1/2-1/2"]
[Termination "normal"]
[Board "5.2"]
[WhiteElo "800"]
[BlackElo "1477"]
[WhiteTeam "Gymnasium am Thie Blankenburg"]
[BlackTeam "Johann-Schöner-Gymnasium Karlstadt"]
[PlyCount "50"]
[BlackFideId "12900133"]
[EventCountry "GER"]
[EventRounds "7"]
[EventType "team-swiss"]
[EventDate "2010.05.06"]

1. e4 c5 2. d4 cxd4 3. Qxd4 Nc6 4. Qe3 d6 5. Bc4 Nf6 6. Nc3 a6 7. Qg3 b5 8. Bd5
Nxd5 9. exd5 Ne5 10. Nf3 Nc4 11. O-O g6 12. Ng5 Bg7 13. Qf4 O-O 14. Qh4 h6 15.
Nf3 Kh7 16. Bxh6 Bxh6 17. Ng5+ Kg7 18. Nce4 Bf5 19. Ng3 Bxc2 20. Qd4+ Ne5 21.
Qh4 Bxg5 22. Qxg5 Rh8 23. h4 e6 24. f4 Qxg5 25. hxg5 Ng4 1/2-1/2

[Event "DSM WK M 2010"]
[Site "Karlsruhe GER"]
[Date "2010.05.07"]
[Round "2"]
[White "Mehling, Katharina"]
[Black "Wilken, Andrea"]
[Result "1-0"]
[Termination "normal"]
[Board "5.3"]
[WhiteElo "1524"]
[BlackElo "800"]
[WhiteTeam "Johann-Schöner-Gymnasium Karlstadt"]
[BlackTeam "Gymnasium am Thie Blankenburg"]
[PlyCount "55"]
[WhiteFideId "12900362"]
[EventCountry "GER"]
[EventRounds "7"]
[EventType "team-swiss"]
[EventDate "2010.05.06"]

1. e4 e5 2. Nf3 Nc6 3. d4 d5 4. Nxe5 dxe4 5. Nxc6 bxc6 6. Bc4 Nf6 7. O-O c5 8.
Be3 Ng4 9. dxc5 Qe7 10. h3 Nf6 11. Bb5+ Bd7 12. Bxd7+ Nxd7 13. Nc3 Nxc5 14.
Bxc5 Qxc5 15. Nxe4 Qe5 16. Re1 f5 17. Ng5 Qxe1+ 18. Qxe1+ Be7 19. Qe6 Rf8 20.
Re1 Kd8 21. Nf7+ Rxf7 22. Qxf7 Kd7 23. Qxe7+ Kc6 24. Re6+ Kd5 25. Qd7+ Kc5 26.
Rc6+ Kb5 27. Qd5+ Kb4 28. Rc4# 1-0

[Event "DSM WK M 2010"]
[Site "Karlsruhe GER"]
[Date "2010.05.07"]
[Round "2"]
[White "Lehmann, Frederike"]
[Black "Mehling, Theresa"]
[Result "1-0"]
[Termination "normal"]
[Board "5.4"]
[WhiteElo "800"]
[BlackElo "728"]
[WhiteTeam "Gymnasium am Thie Blankenburg"]
[BlackTeam "Johann-Schöner-Gymnasium Karlstadt"]
[PlyCount "41"]
[EventCountry "GER"]
[EventRounds "7"]
[EventType "team-swiss"]
[EventDate "2010.05.06"]

1. e4 e5 2. Nf3 Nc6 3. d4 exd4 4. c3 Bc5 5. Bg5 Nf6 6. e5 Be7 7. cxd4 Bb4+ 8.
Nbd2 Be7 9. Qb3 h6 10. exf6 gxf6 11. d5 Na5 12. Qa4 b6 13. O-O-O hxg5 14. b4
Nb7 15. Nc4 Nd6 16. Qb3 Nf5 17. d6 Bxd6 18. Re1+ Be7 19. Nce5 fxe5 20. Nxe5 d6
21. Qxf7# 1-0

[Event "DSM WK M 2010"]
[Site "Karlsruhe GER"]
[Date "2010.05.07"]
[Round "2"]
[White "Berdin, Victoria"]
[Black "Kühnel, Lena"]
[Result "0-1"]
[Termination "normal"]
[Board "6.1"]
[WhiteElo "1073"]
[BlackElo "1858"]
[WhiteTeam "Freiherr-vom-Stein-Gymnasium Berlin"]
[BlackTeam "Lise-Meitner-Gymnasium Königsbach-Stein"]
[PlyCount "56"]
[BlackFideId "24640956"]
[EventCountry "GER"]
[EventRounds "7"]
[EventType "team-swiss"]
[EventDate "2010.05.06"]

1. e4 e5 2. Nf3 Nc6 3. Nc3 Nf6 4. Bc4 Nxe4 5. Nxe4 d5 6. Bd3 dxe4 7. Bxe4 Bd6
8. Bxc6+ bxc6 9. d4 e4 10. Nd2 O-O 11. O-O f5 12. Nc4 Qh4 13. Nxd6 cxd6 14. Qd2
f4 15. d5 Rf5 16. dxc6 f3 17. gxf3 exf3 18. Qxd6 h6 19. Qg3 Qf6 20. c7 Rh5 21.
Bf4 Rh3 22. Rad1 Rxg3+ 23. hxg3 Qf5 24. Rd8+ Kh7 25. Rh8+ Kxh8 26. Rd1 Qh3 27.
Rd8+ Kh7 28. Re8 Qg2# 0-1

[Event "DSM WK M 2010"]
[Site "Karlsruhe GER"]
[Date "2010.05.07"]
[Round "2"]
[White "Schmitz, Susanne"]
[Black "Erol, Nuriye Özgü"]
[Result "1-0"]
[Termination "normal"]
[Board "6.2"]
[WhiteElo "800"]
[BlackElo "800"]
[WhiteTeam "Lise-Meitner-Gymnasium Königsbach-Stein"]
[BlackTeam "Freiherr-vom-Stein-Gymnasium Berlin"]
[PlyCount "111"]
[EventCountry "GER"]
[EventRounds "7"]
[EventType "team-swiss"]
[EventDate "2010.05.06"]

1. e4 e5 2. Nf3 Nc6 3. Bc4 Bc5 4. O-O Nf6 5. d3 d6 6. Qe2 O-O 7. Nc3 Nd4 8. Qe3
Nxf3+ 9. Qxf3 Bg4 10. Qg3 a6 11. Be3 Bd4 12. Nd5 Be2 13. Rfe1 b5 14. Rxe2 bxc4
15. dxc4 Nxe4 16. Qf3 Bxb2 17. Rd1 c6 18. Qxe4 cxd5 19. Qxd5 Ba3 20. f4 Bc5 21.
Rf1 Qb6 22. Bxc5 Qxc5+ 23. Qxc5 dxc5 24. Rxe5 Rae8 25. Rfe1 f6 26. Rxe8 Rxe8
27. Rxe8+ Kf7 28. Re4 g5 29. g3 gxf4 30. gxf4 f5 31. Re5 Kf6 32. Rxc5 Ke6 33.
Rc6+ Kd7 34. Rxa6 Kc7 35. Kg2 Kb7 36. Rh6 Kc7 37. Kg3 Kd7 38. Kh4 Ke7 39. Kg5
Kf7 40. Rf6+ Kg7 41. Kxf5 Kg8 42. Ke6 Kg7 43. f5 Kg8 44. Rf7 h5 45. Kf6 h4 46.
Kg6 h3 47. f6 Kh8 48. Rh7+ Kg8 49. f7+ Kf8 50. Rh8+ Ke7 51. f8=Q+ Ke6 52. Qf5+
Ke7 53. Qf6+ Kd7 54. Rh7+ Ke8 55. Qa6 Kd8 56. Qa8# 1-0

[Event "DSM WK M 2010"]
[Site "Karlsruhe GER"]
[Date "2010.05.07"]
[Round "2"]
[White "Taera, Nadhi"]
[Black "Kauselmann, Laura"]
[Result "0-1"]
[Termination "normal"]
[Board "6.3"]
[WhiteElo "800"]
[BlackElo "899"]
[WhiteTeam "Freiherr-vom-Stein-Gymnasium Berlin"]
[BlackTeam "Lise-Meitner-Gymnasium Königsbach-Stein"]
[PlyCount "76"]
[EventCountry "GER"]
[EventRounds "7"]
[EventType "team-swiss"]
[EventDate "2010.05.06"]

1. e4 e5 2. Nc3 Nf6 3. Nf3 Nc6 4. Bc4 Bb4 5. O-O O-O 6. d3 d6 7. Bd2 Bg4 8. Ne2
Bxf3 9. a3 Ba5 10. b4 Bb6 11. c3 Bh5 12. Re1 d5 13. exd5 Nxd5 14. Qb3 Nce7 15.
d4 e4 16. Bg5 f6 17. Nf4 Bf7 18. Rxe4 c6 19. Rae1 Re8 20. Nxd5 cxd5 21. Bxd5
Bxd5 22. c4 Bxe4 23. Rxe4 Bxd4 24. c5+ Kh8 25. Bf4 Qd7 26. Bd6 Nf5 27. Qd3 Nxd6
28. Qxd4 Rxe4 29. Qd1 Qe6 30. g3 Re1+ 31. Qxe1 Qxe1+ 32. Kg2 Re8 33. cxd6 Qe4+
34. f3 Qc2+ 35. Kh3 Rd8 36. g4 Rxd6 37. b5 g5 38. Kg3 Qc1 0-1

[Event "DSM WK M 2010"]
[Site "Karlsruhe GER"]
[Date "2010.05.07"]
[Round "2"]
[White "Roether, Barbara"]
[Black "Miloslavski, Taisija"]
[Result "0-1"]
[Termination "normal"]
[Board "6.4"]
[WhiteElo "800"]
[BlackElo "800"]
[WhiteTeam "Lise-Meitner-Gymnasium Königsbach-Stein"]
[BlackTeam "Freiherr-vom-Stein-Gymnasium Berlin"]
[PlyCount "66"]
[EventCountry "GER"]
[EventRounds "7"]
[EventType "team-swiss"]
[EventDate "2010.05.06"]

1. e4 e5 2. Nf3 d6 3. Bb5+ c6 4. Bc4 d5 5. Bd3 Nf6 6. Nc3 Bb4 7. Nxe5 Bxc3 8.
dxc3 Nbd7 9. Nxd7 Bxd7 10. b4 dxe4 11. c4 exd3 12. cxd3 O-O 13. O-O h6 14. c5
Bg4 15. f3 Bf5 16. Bg5 hxg5 17. g4 Bxd3 18. Qa4 Bxf1 19. Kxf1 b5 20. Qa6 Re8
21. Re1 Qe7 22. Rxe7 Rxe7 23. h3 Nd5 24. a3 Re3 25. a4 Nxb4 26. Qb7 Ree8 27.
Qc7 Rac8 28. Qe5 Rxe5 29. a5 Rd8 30. a6 Rd2 31. f4 Re3 32. fxg5 Rc3 33. g6 Rc1#
0-1